LEADER 00970cam0-2200349---450- 001 990004123870403321 005 20111128144851.0 035 $a000412387 035 $aFED01000412387 035 $a(Aleph)000412387FED01 035 $a000412387 100 $a19990604d1969----km-y0itay50------ba 101 1 $aita 102 $aIT 105 $ay-------001yy 200 1 $aCreatività e conformismo$fClark Moustakas 210 $aRoma$cUbaldini$dc1969 215 $a152 p.$d18 cm 225 1 $a<>libri dell'introspezione$ecollana di saggistica psicologica 610 0 $aCreatività 610 0 $aConformismo 676 $a153.35 700 1$aMoustakas,$bClark E.$0160189 801 0$aIT$bUNINA$gRICA$2UNIMARC 901 $aBK 912 $a990004123870403321 952 $aP.1 PS 96 BIS$bIST.FIL.T. 3103$fNAP03 952 $aP.1 PS 96$bI.P.1072$fFLFBC 959 $aFLFBC 959 $aNAP03 996 $aCreatività e conformismo$9476575 997 $aUNINA LEADER 01496nam2-2200421---450- 001 990000536300203316 005 20091103093254.0 010 $a90-411-1134-4 035 $a0053630 035 $aUSA010053630 035 $a(ALEPH)000053630USA01 035 $a0053630 100 $a20010702d2000----km-y0itay0103----ba 101 $aeng 102 $aNL 105 $a||||||||001yy 200 1 $aDocuments and cases$feditors Gabrielle Kirk McDonald, Olivia Swaak-Goldman$vVol.2,Pt.1-2 210 $aThe Hague [etc.]$cKluwer law international$d2000 215 $a[33],2451 p.,[2] c. di tav.$d25 cm 461 1$10010053591$12001$aSubstantive and procedural aspects of international criminal law 606 $aDiritto internazionale penale 676 $a341.77 702 1$aKIRK McDONALD,$bGabrielle 702 $aSWAAK-GOLDMAN$bOlivia 801 0$aIT$bsalbc$gISBD 912 $a990000536300203316 951 $aXXIII.1.A. 131 2.1 (IG VIII 9 570/2.1)$b29872 G.$cXXIII.1.A. 131 2.1 (IG VIII 9)$d00074872 951 $aXXIII.1.A. 131 2.2a (G VIII 9 570/2.2)$b29873 G.$cXXIII.1.A. 131 2.2a (IG VIII 9)$d00074873 959 $aBK 969 $aGIU 979 $aANGELA$b90$c20010702$lUSA01$h1254 979 $c20020403$lUSA01$h1702 979 $aPATRY$b90$c20040406$lUSA01$h1637 979 $aRSIAV5$b90$c20091014$lUSA01$h1132 979 $aRSIAV5$b90$c20091014$lUSA01$h1143 979 $aRSIAV2$b90$c20091103$lUSA01$h0932 996 $aDocuments and cases$9885557 997 $aUNISA LEADER 01206nam a22002531i 4500 001 991002361579707536 005 20040306194409.0 008 040407s1968 it a||||||||||||||||ita 035 $ab12911276-39ule_inst 035 $aARCHE-089089$9ExL 040 $aDip.to Scienze Storiche$bita$cA.t.i. Arché s.c.r.l. Pandora Sicilia s.r.l. 082 04$a614.7 100 1 $aBettini, Virginio$09389 245 10$aEcologia degli inquinamenti delle acque fluviali e sorgentizie della Regione del Piano intercomunale milanese /$cVirginio Bettini 260 $a[S.l. :$bs.n.,$c1968?] 300 $a1 v. :$bill. ;$c24 cm. 500 $aEstr. da: Atti del 4. Convegno su gli sviluppi di Milano, 19-21 gennaio 1968. 500 $aIn testa al front.: Università degli studi di Milano, Istituto di geografia umana. 907 $a.b12911276$b02-04-14$c16-04-04 912 $a991002361579707536 945 $aLE009 GEOG.MISC. 10/24$g1$i2009000327238$lle009$o-$pE0.00$q-$rn$so $t0$u0$v0$w0$x0$y.i13479891$z16-04-04 996 $aEcologia degli inquinamenti delle acque fluviali e sorgentizie della Regione del Piano intercomunale milanese$9303911 997 $aUNISALENTO 998 $ale009$b16-04-04$cm$da $e-$fita$git $h0$i1